Há festa na floresta (Registo nº 4123)
[ vista simples ]
| 000 -Etiqueta do registo | |
|---|---|
| Cabeçalho | 00802cam a2200229 4500 |
| 005 - Identificador da versão | |
| Campo de controlo | 20240813122053.0 |
| 100 ## - Dados gerais de processamento | |
| Dados gerais de processamento | 20020924f19701980a y0pory5003 ba |
| 102 ## - Pais de publicação ou produção | |
| País de publicação | Portugal |
| 101 0# - Língua de publicação | |
| Língua do texto, banda sonora, etc. | Português |
| 215 ## - Descrição física | |
| Indicação específica da natureza do documento e extensão da espécie | 101, [1] p. |
| Outras indicações físicas | il. |
| Dimensões | 20 cm |
| 200 1# - Titulo e menção de responsabilidade | |
| Título próprio | Há festa na floresta |
| Primeira menção de responsabilidade | Maria Amália Vale |
| Outras menções de responsabilidade | capa e il. de Zé Manel |
| 210 ## - Publicação, Distribuição, etc. | |
| Lugar da edição, distribuição, etc. | Lisboa |
| Nome do editor, distribuidor, etc. | [s.n.] |
| Data da publicação, distribuição, etc. | [197-?] |
| Lugar da impressão | Lisboa |
| 317 ## - Nota de proveniência | |
| Texto da nota | O exemplar nº 2786 contém dedicatótia manuscrita da autora à Biblioteca Tomás Ribeiro, datada de 1974 |
| 305 ## - Notas relativas à edição e história bibliográfica da publicação | |
| Texto da nota | Edição patrocinada pela Direcção-Geral da Educação Permanente |
| 675 ## - Classificação Decimal Universal (CDU) | |
| Notação | 821.134.3-3 |
| Edição | BN |
| Língua da edição | por |
| 702 #1 - Nome de autor-pessoa física (responsabilidade secundária) | |
| Número de registo de entrada de autoridade | 0000751 |
| Palavra de ordem | Manel |
| Outra parte do nome não tomada para palavra de ordem | Zé |
| Código de função | Ilustrador / Técnico de desenho computorizado |
| 700 #1 - Nome de autor-pessoa física (responsabilidade principal) | |
| Número de registo de entrada de autoridade | 0000750 |
| Palavra de ordem | Vale |
| Outra parte do nome não tomada para palavra de ordem | Maria Amália |
| Datas | 1902-1986 |
| 942 ## - Elementos de entrada adicionados (Koha) | |
| Tipo de item no Koha | Livro |
| Situação do levantamento | Origin of item (home branch) (coded) | Biblioteca de empréstimo | Código de barras | Cota | Circulation type (not for loan) | Tipo de documento | Nota do exemplar | Damaged status |
|---|---|---|---|---|---|---|---|---|
| Biblioteca Escolar das Vendas | Biblioteca Escolar das Vendas | BEV536 | 8POR VAL | Livro | Sem mensagem |
